[Event "Tamil Nadu IM 7th"]
[Site "Chennai"]
[Date "2023.11.28"]
[Round "5"]
[White "Chitlange, Sakshi"]
[Black "Ziatdinov, Raset"]
[Result "1-0"]
[WhiteElo "2224"]
[BlackElo "2077"]
[PlyCount "63"]
[EventDate "2023.11.26"]
[EventType "tourn"]
[EventRounds "9"]
[EventCountry "IND"]
[EventCategory "1"]
[SourceTitle "CB49_2023"]
[SourceDate "2023.12.06"]
[SourceVersion "1"]
[SourceVersionDate "2023.12.06"]
[SourceQuality "1"]

1. d4 Nf6 2. c4 e6 3. Nc3 Bb4 4. e3 Bxc3+ 5. bxc3 0-0 6. Bd3 b6 7. e4 d6 8. Ne2 Nc6 9. 0-0 Ba6 10. Ng3 Na5 11. Qe2 Nd7 12. f4 c5 13. Be3 Rc8 14. Rac1 Re8 15. e5 f5 16. exf6 Nxf6 17. Nh5 d5 18. Nxf6+ Qxf6 19. cxd5 Bxd3 20. Qxd3 c4 21. Qe4 Rcd8 22. dxe6 Rxe6 23. Qf3 Rde8 24. Bf2 Qf5 25. Rfe1 Re4 26. Rxe4 Rxe4 27. Re1 Rxe1+ 28. Bxe1 Kf7 29. h3 Ke6 30. g4 Qd3 31. f5+ Kf6 32. Bh4+ 1-0

[Event "Tamil Nadu IM 6th"]
[Site "Chennai"]
[Date "2023.11.21"]
[Round "5"]
[White "Ziatdinov, Raset"]
[Black "Chitlange, Sakshi"]
[Result "1-0"]
[WhiteElo "2077"]
[BlackElo "2224"]
[PlyCount "59"]
[EventDate "2023.11.19"]
[EventType "tourn"]
[EventRounds "9"]
[EventCountry "IND"]
[EventCategory "1"]
[SourceTitle "CB48_2023"]
[SourceDate "2023.11.29"]
[SourceVersion "1"]
[SourceVersionDate "2023.11.29"]
[SourceQuality "1"]

1. e4 c6 2. d4 d5 3. Nc3 dxe4 4. Nxe4 Nf6 5. Nxf6+ exf6 6. g3 Bd6 7. Bg2 0-0 8. Ne2 Re8 9. 0-0 Bg4 10. Be3 f5 11. Re1 f4 12. gxf4 Nd7 13. Qd2 Qh4 14. Ng3 Nf6 15. f5 h6 16. Bf4 Bf8 17. Be5 Bh3 18. Bxf6 gxf6 19. Bxh3 Qxh3 20. Qf4 Kh8 21. Kh1 Red8 22. Re4 Bd6 23. Qh4 Qxh4 24. Rxh4 Bxg3 25. hxg3 Re8 26. Kg2 Re2 27. Rah1 Rae8 28. Rxh6+ Kg7 29. Kf3 R8e4 30. Rh8 1-0

[Event "Tamil Nadu IM 6th"]
[Site "Chennai"]
[Date "2023.11.20"]
[Round "3"]
[White "Prasannaa, S."]
[Black "Chitlange, Sakshi"]
[Result "1-0"]
[WhiteElo "2120"]
[BlackElo "2224"]
[PlyCount "124"]
[EventDate "2023.11.19"]
[EventType "tourn"]
[EventRounds "9"]
[EventCountry "IND"]
[EventCategory "1"]
[SourceTitle "CB48_2023"]
[SourceDate "2023.11.29"]
[SourceVersion "1"]
[SourceVersionDate "2023.11.29"]
[SourceQuality "1"]

1. f4 d5 2. Nf3 Nf6 3. g3 g6 4. Bg2 Bg7 5. 0-0 0-0 6. d3 c5 7. c3 Nc6 8. Na3 Re8 9. Ne5 Bd7 10. e4 dxe4 11. Nxd7 Qxd7 12. dxe4 Qxd1 13. Rxd1 e5 14. Nc4 Rad8 15. Be3 exf4 16. Rxd8 Nxd8 17. Bxf4 Nxe4 18. Rd1 f5 19. Bxe4 fxe4 20. Rd7 Bf8 21. Ne3 Bg7 22. Nd5 Nc6 23. Rxb7 Rd8 24. c4 Na5 25. Rxg7+ Kxg7 26. Bc7 Rxd5 27. cxd5 Nc4 28. b3 Nb6 29. d6 Nd7 30. Kf2 Kf6 31. Ke3 Ke5 32. Bd8 Kd5 33. Bg5 a6 34. h3 Ne5 35. Bf6 Nd7 36. Be7 Ke5 37. Bd8 Kd5 38. Ba5 Nf8 39. Bc3 Nd7 40. g4 Nf8 41. Bg7 Nd7 42. Kf4 Nb6 43. Bf6 Nd7 44. Bc3 Nf8 45. Ke3 Nd7 46. h4 Nf8 47. h5 gxh5 48. gxh5 Nd7 49. Bg7 Nb6 50. a4 Nd7 51. Kf4 Nb6 52. Bc3 Nd7 53. Bd2 Nf8 54. Kf5 Nd7 55. Bf4 Nb6 56. Kf6 Kd4 57. Kg7 e3 58. Bxe3+ Kxe3 59. Kxh7 Kf4 60. Kg7 Ke5 61. h6 Kxd6 62. h7 Kd5 1-0

[Event "Titled Tuesday intern op 26th Sep Early"]
[Site "Chess.com INT"]
[Date "2023.09.26"]
[Round "6"]
[White "Chitlange, Sakshi"]
[Black "Tulchynskyi, Feliks"]
[Result "0-1"]
[WhiteElo "2209"]
[BlackElo "2228"]
[PlyCount "96"]
[EventDate "2023.09.26"]
[EventType "swiss (blitz)"]
[EventRounds "11"]
[EventCountry "USA"]
[SourceTitle "EXT 2024"]
[Source "ChessBase"]
[SourceDate "2023.10.10"]
[SourceVersion "1"]
[SourceVersionDate "2023.10.10"]
[SourceQuality "1"]

1. d4 Nf6 2. c4 b6 3. Nf3 Bb7 4. Nc3 e6 5. a3 d5 6. cxd5 Nxd5 7. Qc2 Be7 8. e4 Nxc3 9. bxc3 0-0 10. Bd3 c5 11. 0-0 Nc6 12. Be3 Rc8 13. Qe2 Na5 14. Rfd1 Qc7 15. h4 h6 16. e5 Rfd8 17. Rac1 Bd5 18. c4 Bxf3 19. Qxf3 cxd4 20. Qe4 g6 21. Bxh6 Nb3 22. Qg4 Kh7 23. Qf4 Bf8 24. Bg5 Nxc1 25. Rxc1 Rd7 26. h5 Bg7 27. Qh4 Kg8 28. Bf6 Bxf6 29. exf6 Qe5 30. hxg6 fxg6 31. Bxg6 Rf8 32. f7+ Kg7 33. Qh7+ Kf6 34. Bd3 Ke7 35. Qg6 Rxf7 36. f3 Qe3+ 37. Kh2 Qf4+ 38. Kh3 Qxc1 39. Qg4 Kd8 40. Qg8+ Kc7 41. Qa8 Rh7+ 42. Bxh7 Rxh7+ 43. Kg3 Qe1+ 44. Kf4 Qe3+ 45. Kg4 Rg7+ 46. Kh5 Qe5+ 47. Kh6 Qf6+ 48. Kh5 Qg5# 0-1

[Event "Titled Tuesday intern op 18th Jul Early"]
[Site "Chess.com INT"]
[Date "2023.07.18"]
[Round "1"]
[White "Chitlange, Sakshi"]
[Black "Papasimakopoulos, Alexandros"]
[Result "0-1"]
[WhiteElo "2250"]
[BlackElo "2403"]
[PlyCount "106"]
[EventDate "2023.07.18"]
[EventType "swiss (blitz)"]
[EventRounds "11"]
[EventCountry "USA"]
[SourceTitle "EXT 2024"]
[Source "ChessBase"]
[SourceDate "2023.10.10"]
[SourceVersion "1"]
[SourceVersionDate "2023.10.10"]
[SourceQuality "1"]

1. d4 Nf6 2. Bf4 e6 3. e3 c5 4. Nd2 d5 5. Ngf3 Qb6 6. Rb1 Be7 7. c3 Bd7 8. a4 cxd4 9. exd4 0-0 10. Bd3 Nc6 11. 0-0 Rac8 12. Re1 Rfd8 13. Ne5 Be8 14. Qf3 Na5 15. Bc2 Nc4 16. b3 Nxd2 17. Bxd2 Nd7 18. Qh5 Nf8 19. Qh3 f6 20. Nd3 Bg6 21. Rbc1 Ba3 22. Rcd1 Bb2 23. Nxb2 Bxc2 24. Rc1 Qxb3 25. Nd3 Bxd3 26. Qxd3 Qxa4 27. Ra1 Qc4 28. Qxc4 Rxc4 29. Rxa7 Rd7 30. Rb1 Rcc7 31. Kf1 Ng6 32. Ke2 Kf7 33. Kd3 e5 34. f3 Ke6 35. Rb6+ Kf7 36. Ra8 Re7 37. Rd6 e4+ 38. fxe4 dxe4+ 39. Ke2 Nh4 40. g3 Nf3 41. Rdd8 Nxd2 42. Kxd2 e3+ 43. Ke2 Rxc3 44. Rf8+ Kg6 45. Rfe8 Rc2+ 46. Ke1 Rd7 47. Rxe3 Rxh2 48. Ra4 b5 49. Rb4 Ra7 50. Rb1 Raa2 51. Kd1 Rad2+ 52. Kc1 Rdg2 53. Re1 Rc2+ 0-1

[Event "IND-ch (Women) 49th"]
[Site "Ahmedabad"]
[Date "2023.07.03"]
[Round "4"]
[White "Chitlange, Sakshi"]
[Black "Kotepalli, Sai Nirupama"]
[Result "1-0"]
[WhiteElo "2250"]
[BlackElo "1899"]
[PlyCount "149"]
[EventDate "2023.06.30"]
[EventType "swiss"]
[EventRounds "11"]
[EventCountry "IND"]
[SourceTitle "CBM 215 Extra"]
[Source "ChessBase"]
[SourceDate "2023.09.30"]
[SourceVersion "1"]
[SourceVersionDate "2023.09.30"]
[SourceQuality "1"]

1. d4 d5 2. c4 e6 3. Nf3 Nf6 4. g3 Bb4+ 5. Bd2 Bxd2+ 6. Nbxd2 0-0 7. Bg2 b6 8. cxd5 exd5 9. 0-0 Qe7 10. Rc1 c5 11. dxc5 bxc5 12. Re1 Bb7 13. Qb3 Na6 14. Qa3 Rfe8 15. Bf1 Nb4 16. Nb3 c4 17. Nbd4 Ne4 18. Qa4 Qc5 19. e3 Nc6 20. b3 c3 21. Nxc6 Bxc6 22. Qd4 Qa5 23. Rc2 Rac8 24. Bh3 Rc7 25. Rec1 Bb7 26. Qd1 g6 27. Nd4 Ba6 28. Bf1 Bb7 29. Qd3 Rec8 30. Qe2 a6 31. Qd3 Nd2 32. Bg2 Qb4 33. Ne2 Ne4 34. f3 Ng5 35. Rxc3 Rxc3 36. Rxc3 Rxc3 37. Qxc3 Qa3 38. Qc7 Qxa2 39. Nd4 Qb1+ 40. Bf1 Nxf3+ 41. Nxf3 Qxb3 42. Kf2 Kg7 43. Qe5+ Kg8 44. Qb8+ Kg7 45. Bxa6 Qa2+ 46. Be2 Ba6 47. Qe5+ Kg8 48. Nd4 Bc4 49. Qf6 Qb2 50. Qf3 Kg7 51. Kg2 h5 52. Qf2 Qb7 53. Qe1 Qb2 54. Kg1 Qa3 55. Qd2 Kh7 56. Kg2 Ba2 57. Nb5 Qa8 58. Nc7 Qa7 59. Nb5 Qa8 60. Bf3 Bc4 61. Nc3 Qe8 62. Nxd5 Bxd5 63. Bxd5 Qd8 64. Qd4 Qd7 65. e4 Qe7 66. e5 Kg8 67. Qf4 Kg7 68. Qxf7+ Qxf7 69. Bxf7 Kxf7 70. Kf3 Ke7 71. Kf4 Ke6 72. Kg5 Kf7 73. Kh6 h4 74. gxh4 Ke6 75. Kxg6 1-0

[Event "Asian Continental (Women) op 20th"]
[Site "Almaty"]
[Date "2023.06.05"]
[Round "2"]
[White "Bauyrzhan, Arnash"]
[Black "Chitlange, Sakshi"]
[Result "0-1"]
[WhiteElo "2031"]
[BlackElo "2225"]
[PlyCount "102"]
[EventDate "2023.06.04"]
[EventType "swiss"]
[EventRounds "9"]
[EventCountry "KAZ"]
[SourceTitle "CBM 214 Extra"]
[Source "ChessBase"]
[SourceDate "2023.07.31"]
[SourceVersion "1"]
[SourceVersionDate "2023.07.31"]
[SourceQuality "1"]

1. e4 c6 2. d4 d5 3. Nd2 dxe4 4. Nxe4 Nf6 5. Nxf6+ exf6 6. c3 Bd6 7. Bd3 0-0 8. Qc2 Re8+ 9. Ne2 h5 10. 0-0 h4 11. h3 Nd7 12. Bd2 Nf8 13. Rae1 Bd7 14. c4 Rc8 15. b3 Bb8 16. f4 g6 17. Qd1 f5 18. Kh1 Nh7 19. Nc3 Nf6 20. d5 Nh5 21. Rxe8+ Bxe8 22. Rf3 Qf6 23. Ne2 Rd8 24. Bc3 Qe7 25. Qg1 cxd5 26. Qd4 f6 27. cxd5 Bf7 28. Qf2 Rxd5 29. Qxh4 Rxd3 30. Rxd3 Qxe2 31. Rd8+ Kh7 32. Rxb8 Bd5 33. Qg5 Qe3 34. Bxf6 Nxf6 35. Kh2 Qe2 36. Rh8+ Kxh8 37. Qxf6+ Kh7 38. Qg5 Kg7 39. Qg3 b5 40. a3 Kf7 41. b4 Qb2 42. Qg5 Qxa3 43. Qd8 Qa2 44. Qd7+ Kg8 45. Qe8+ Kh7 46. Qe7+ Bf7 47. Kg3 a6 48. Kh4 Qe6 49. Qd8 Qe1+ 50. g3 Qxb4 51. Qf6 Qc4 0-1

[Event "Asian Continental blitz (Women) op 20th"]
[Site "Almaty"]
[Date "2023.06.03"]
[Round "4"]
[White "Divya, Deshmukh"]
[Black "Chitlange, Sakshi"]
[Result "1-0"]
[WhiteElo "2372"]
[BlackElo "2211"]
[PlyCount "99"]
[EventDate "2023.06.03"]
[EventType "swiss (blitz)"]
[EventRounds "9"]
[EventCountry "KAZ"]
[SourceTitle "CBM 214 Extra"]
[Source "ChessBase"]
[SourceDate "2023.07.31"]
[SourceVersion "1"]
[SourceVersionDate "2023.07.31"]
[SourceQuality "1"]

1. e4 c6 2. Nf3 d5 3. d3 Qc7 4. g3 e5 5. Qe2 d4 6. Bg2 Nf6 7. 0-0 Be7 8. Nh4 0-0 9. f4 exf4 10. Bxf4 Qb6 11. Nd2 Be6 12. Nf5 Bxf5 13. exf5 Re8 14. Rfe1 Nbd7 15. Nc4 Qc5 16. g4 Nd5 17. Bxd5 Qxd5 18. Qe4 Nf6 19. Qxd5 Nxd5 20. Bd2 Bh4 21. Re5 b5 22. Rxe8+ Rxe8 23. Nd6 Re2 24. Ne4 Nf6 25. Bf4 Nxe4 26. dxe4 Rxc2 27. Rd1 c5 28. Bb8 a6 29. Ba7 Bg5 30. b4 Be3+ 31. Kh1 cxb4 32. Bxd4 Rc1 33. Rxc1 Bxc1 34. Kg2 a5 35. Kf3 f6 36. Ke2 Kf7 37. Kd1 Bf4 38. h3 Bc7 39. Kc2 Ke7 40. Bc5+ Kf7 41. Kd3 g6 42. Kd4 gxf5 43. exf5 Kg7 44. Kd5 Kh6 45. Be3+ Kg7 46. Kc6 Bd8 47. Kxb5 h5 48. gxh5 Kh7 49. Kc6 Kg7 50. Kd7 1-0